• 首页
  • 本馆介绍
  • 公告通知
  • 最新文献
  • 馆藏检索
  • 电子资源
  • 读者导购
  • 参考咨询
  • 我的图书馆
  • 登录
  • 详细信息显示
  • 放入我的书架
  • 预约/预借图书
  • 作者相关作品
  • 分类相关作品
  • 丛书相关作品
  • 出版社相关作品

书目信息

  • 表格格式
  • 工作单格式
  • 卡片格式
题名:
新时代爱国主义教育知识
    
 
作者: 万生更 编著
分册:  
出版信息: 北京   台海出版社  2021
页数: 114页
开本: 24cm
丛书名:
单 册:
中图分类: G631.4 , G631
科图分类:
主题词: 爱国主义教育--中小学--课外读物
电子资源:
ISBN: 978-7-5168-2895-3
000 00766nam0 2200229 450
001 2362956381
005 20231205172934.45
010    @a978-7-5168-2895-3@dCNY28.00
100    @a20210824d2021 demy0chiy50 ea
101 0  @achi
102    @aCN@b110000
105    @aa z 000yy
200 1  @a新时代爱国主义教育知识@Axin shi dai ai guo zhu yi jiao yu zhi shi@f万生更编著
210    @a北京@c台海出版社@d2021
215    @a114页@c彩图,彩照@d24cm
330    @a本书包含伟大的祖国、辉煌的成就、革命与奋进、祖国统一与民族团结、国防与国家安全、走进新时代以及祖国接班人等内容。
606 0  @a爱国主义教育@x中小学@j课外读物
690    @aG631.4@v5
690    @aG631@v4
701  0 @a万生更@Awan sheng geng@4编著
801  0 @aCN@b91MARC@c20211128
905    @aZUCC@dG631@e288
    
    新时代爱国主义教育知识/万生更编著.-北京:台海出版社,2021
    114页:彩图,彩照;24cm
    
    
    ISBN 978-7-5168-2895-3:CNY28.00
    本书包含伟大的祖国、辉煌的成就、革命与奋进、祖国统一与民族团结、国防与国家安全、走进新时代以及祖国接班人等内容。
●
相关链接 在五车中查询图书 在当当中查询图书 在豆瓣中查询图书


正题名:新时代爱国主义教育知识     索取号:G631/288         预约/预借

序号 登录号 条形码 馆藏地/架位号 状态 备注
1 2001267707   2001267707   辽宁北方(第一批)/辽宁北方(第一批)/327/ [索取号:G631/288] 在馆    
2 2001267708   2001267708   辽宁北方(第一批)/辽宁北方(第一批)/327/ [索取号:G631/288] 在馆    
3 2001267709   2001267709   辽宁北方(第一批)/辽宁北方(第一批)/327/ [索取号:G631/288] 在馆    
4 2001267710   2001267710   辽宁北方(第一批)/辽宁北方(第一批)/327/ [索取号:G631/288] 在馆    
5 2001267711   2001267711   辽宁北方(第一批)/辽宁北方(第一批)/327/ [索取号:G631/288] 在馆    
6 2001267712   2001267712   辽宁北方(第一批)/辽宁北方(第一批)/327/ [索取号:G631/288] 在馆    
山东省滨州职业学院图书馆 欢迎您!
大连网信软件有限公司© 版权所有